000 01047naa a22002777a 4500
001 BR8002638
003 BR-BrBNA
005 20240918174551.0
007 ta
008 230509b bl.||||| |||| 00| 0 por d
040 _aBR-BrBNA
_bpor
_cBiblioteca Nacional de Agricultura
041 _a(Pt)
072 _aF27
_b0336
_bG514
_bGZ74
090 _aF27 BR8002638
100 1 _aShioya, T.
245 1 _aMetodo de aracao e o desenvolvimento das raizes de soja no solo de cerrados [Glycine max; Brasil]
260 3 _aBrasilia, DF (Brasil):
_c1980.
500 _aRelatorio parcial do projeto da cooperacao em pesquisa agricola nos cerrados do Brasil 1978-1980 Brasilia, DF (Brasil): 1980. p. 197-203 (BR8002638-AM)F27
650 _aCultivo do solo
650 _aSoja
650 _aSolo
650 _aCerrado
773 0 _tRelatorio parcial do projeto da cooperacao em pesquisa agricola nos cerrados do Brasil 1978-1980
_wF27 BR8002638
_gBrasilia, DF (Brasil), 1980. p. 197-203
909 _a202404
_bLucia
_c55
_dLucia Elande
942 _cAM
_2AGRIS
999 _c312054
_d312054